• 首页
  • 本馆介绍
  • 公告通知
  • 最新文献
  • 馆藏检索
  • 电子资源
  • 读者导购
  • 参考咨询
  • 我的图书馆
  • 登录
  • 详细信息显示
  • 放入我的书架
  • 预约/预借图书
  • 作者相关作品
  • 分类相关作品
  • 丛书相关作品
  • 出版社相关作品

书目信息

  • 表格格式
  • 工作单格式
  • 卡片格式
题名:
装饰与雕塑
    
 
作者: 张压西
分册:  
出版信息: 深圳   重庆出版社  2003
页数: 117
开本: 26cm
丛书名:
单 册:
中图分类: J33
科图分类:
主题词: 雕塑--世界 , 雕塑--各国
电子资源:
ISBN: 7-5366-5905-9
000 00540nam0 2200193 450
001 0729297901
005 20071003080817.90
010    @a7-5366-5905-9@b精装@d¥66.00
100    @a20071003d km y0chiy0120 ea
101 0  @achi
200 1  @a装饰与雕塑@Azhuang shi yu diao su@f张压西@Fzhang ya xi
210    @a深圳@c重庆出版社@d2003
215    @a117@d26cm
606 0  @a雕塑@x世界
606 0  @a雕塑@y各国
690    @aJ33@v4
701  0 @a张压西@Azhang ya xi
801  0 @aCN@b大连网信软件有限公司图书馆·11@c20071003
905    @a213230@dJ33@eM11
    
    装饰与雕塑/张压西.-深圳:重庆出版社,2003
    117;26cm
    
    
    ISBN 7-5366-5905-9(精装):¥66.00
    
●
相关链接 在E读中查询图书 在五车中查询图书 在当当中查询图书 在豆瓣中查询图书


正题名:装饰与雕塑     索取号:J33/M11         预约/预借

序号 登录号 条形码 馆藏地/架位号 状态 备注
1 6400937   264009370   密集书库-美术系/ [索取号:J33/M11] 在馆    
唐山师范学院图书馆 欢迎您!
大连网信软件有限公司© 版权所有